| 000 | 00648nam a22002297a 4500 | ||
|---|---|---|---|
| 005 | 20190704112114.0 | ||
| 008 | 190625b xxu||||| |||| 00| 0 eng d | ||
| 020 |
_a9788178441511 _cRs 995 |
||
| 040 | _beng | ||
| 041 | _aEnglish | ||
| 082 |
_a320.954 _bNAR-RAN |
||
| 100 | _aRanjan, Ravi | ||
| 245 |
_aJayaprakash Narayan _cRavi Ranjan, M. K. Singh |
||
| 260 |
_aNew Delhi _bK.K. Publications _c2016 |
||
| 300 |
_a350p _b23 cm |
||
| 504 | _aIncludes bibliography | ||
| 600 |
_aNarayan, Jayaprakash _d1902-1979 |
||
| 650 |
_vPolitical Profile _xBiography _zIndia |
||
| 700 |
_4Auth _aSingh, M. K. |
||
| 850 |
_aLCLIB _bPLScSemLib |
||
| 942 | _cBK | ||
| 999 |
_c42124 _d92603 |
||